000 00718nam a2200241 i 4500
001 19000
003 ES-MaACL
005 20250805063224.0
007 t|
008 020510s1998 ve ||||1| spa d
020 _a980-01-0110-1
080 _a82-1.08
100 0 _aAristóteles
_922861
245 1 0 _aPoética /
_cAristóteles ; introducción, traducción del griego y notas, Angel J. Cappelletti.
250 _a3ª ed.
260 _aCaracas :
_bVenezuela,
_c1998.
300 _a113 p. ;
_c23 cm.
490 1 _aPensamiento filosófico
700 1 _aCappelletti, Angel J.
_934893
830 0 _aPensamiento filosófico
_9179475
852 _aES-MaACL
_jL-25478
_bR.131357
999 _c19000
_d19000